00880nam a2200265Ia 450000500170000000800410001702000190005810000290007724500300010625000200013630000270015649000240018350000900020765000420029765000440033965000390038394200150042226400280043733600270046533700330049233800280052504000350055308400110058899900150059920220317000956.0160825s9999 xx 000 0 und d a978843760310121 aCernuda, Luisd1902-196310aAntologíacLuis Cernuda a14a. edición  a383 páginas c24 cm  aLetras hispánicas aIncluye estudio introductorio a la generación del 27, biografía y obra cernudiana142LEMBaPoesías españolasySiglo XX142LEMBaLiteratura española ySiglo XX142LEMB aPoesía amorosa ySiglo XX 2loccBKLIT aMadridbCátedrac2007 atextobtxt2rdacontent asin mediaciónbn2rdamedia avolumenbnc2rdacarrier aCO-BoRNBPbspaerdacCO-BoRNBP aP CER5 c5569d5569